[Event "Deutsche Ländermeisterschaft 2014"]
[Site "Hannover GER"]
[Date "2014.10.05"]
[Round "5"]
[White "Zeller, Elisa"]
[Black "Wilke, Tabea"]
[Result "1-0"]
[Termination "normal"]
[Board "5.5"]
[WhiteElo "1922"]
[BlackElo "1750"]
[WhiteClock "01:16:42"]
[BlackClock "00:33:21"]
[WhiteTeam "Württemberg"]
[BlackTeam "Hessen 2"]
[PlyCount "63"]
[WhiteFideId "24662410"]
[BlackFideId "12910015"]
[EventCountry "GER"]
[EventRounds "7"]
[EventType "team-swiss"]
[EventDate "2014.10.02"]

1. e4 {[%clk 1:30:57]} c5 {[%clk 1:30:55]} 2. Nf3 {[%clk 1:31:22]} Nc6 {[%clk
1:31:21]} 3. d4 {[%clk 1:31:46]} cxd4 {[%clk 1:31:47]} 4. Nxd4 {[%clk 1:32:10]}
Nf6 {[%clk 1:32:12]} 5. Nc3 {[%clk 1:32:36]} e5 {[%clk 1:32:39]} 6. Ndb5 {[%clk
1:32:55]} d6 {[%clk 1:33:01]} 7. Bg5 {[%clk 1:33:01]} a6 {[%clk 1:33:21]} 8.
Na3 {[%clk 1:33:28]} b5 {[%clk 1:33:46]} 9. Nd5 {[%clk 1:33:54]} Be7 {[%clk
1:34:00]} 10. Bxf6 {[%clk 1:34:17]} Bxf6 {[%clk 1:34:18]} 11. c3 {[%clk
1:34:36]} Bg5 {[%clk 1:34:00]} 12. Nc2 {[%clk 1:34:51]} O-O {[%clk 1:33:52]}
13. g3 {[%clk 1:35:00]} f5 {[%clk 1:30:19]} 14. exf5 {[%clk 1:34:30]} Bxf5
{[%clk 1:29:58]} 15. Bg2 {[%clk 1:34:48]} Rc8 {[%clk 1:29:11]} 16. O-O {[%clk
1:35:07]} Kh8 {[%clk 1:26:47]} 17. Nce3 {[%clk 1:34:15]} Bxe3 {[%clk 1:25:02]}
18. Nxe3 {[%clk 1:34:40]} Be6 {[%clk 1:17:38]} 19. Qd2 {[%clk 1:34:36]} Qd7
{[%clk 1:15:10]} 20. Rfd1 {[%clk 1:29:51]} Rfd8 {[%clk 1:11:57]} 21. Qe2 {[%clk
1:28:36]} Ne7 {[%clk 1:05:11]} 22. Qh5 {[%clk 1:28:27]} Nf5 {[%clk 0:59:27]}
23. Nd5 {[%clk 1:26:01]} Qf7 {[%clk 0:54:10]} 24. Qxf7 {[%clk 1:23:57]} Bxf7
{[%clk 0:54:24]} 25. Nb4 {[%clk 1:24:23]} a5 {[%clk 0:47:42]} 26. Nc6 {[%clk
1:24:46]} Re8 {[%clk 0:46:39]} 27. Nxa5 {[%clk 1:23:49]} e4 {[%clk 0:41:22]}
28. Bh3 {[%clk 1:23:35]} Be6 {[%clk 0:37:06]} 29. Nb7 {[%clk 1:15:44]} Rb8
{[%clk 0:33:53]} 30. Bxf5 {[%clk 1:16:02]} Bxf5 {[%clk 0:34:13]} 31. Nxd6
{[%clk 1:16:24]} Re5 {[%clk 0:33:21]} 32. Nf7+ {[%clk 1:16:42]} 1-0

[Event "Deutsche Ländermeisterschaft 2014"]
[Site "Hannover GER"]
[Date "2014.10.05"]
[Round "5"]
[White "Krastev, Alexander"]
[Black "Weber, Sandra"]
[Result "0-1"]
[Termination "normal"]
[Board "5.6"]
[WhiteElo "1689"]
[BlackElo "1800"]
[WhiteClock "00:01:55"]
[BlackClock "00:10:28"]
[WhiteTeam "Hessen 2"]
[BlackTeam "Württemberg"]
[PlyCount "72"]
[WhiteFideId "12989983"]
[BlackFideId "1270049"]
[EventCountry "GER"]
[EventRounds "7"]
[EventType "team-swiss"]
[EventDate "2014.10.02"]

1. e4 {[%clk 1:30:58]} c5 {[%clk 1:30:56]} 2. Nf3 {[%clk 1:31:25]} Nc6 {[%clk
1:31:20]} 3. d4 {[%clk 1:31:48]} cxd4 {[%clk 1:31:46]} 4. Nxd4 {[%clk 1:32:10]}
g6 {[%clk 1:32:12]} 5. Nc3 {[%clk 1:32:31]} Bg7 {[%clk 1:32:37]} 6. Be3 {[%clk
1:32:55]} Nf6 {[%clk 1:32:52]} 7. Bc4 {[%clk 1:33:11]} Qa5 {[%clk 1:32:59]} 8.
O-O {[%clk 1:29:59]} O-O {[%clk 1:33:23]} 9. h3 {[%clk 1:29:45]} d6 {[%clk
1:33:01]} 10. Re1 {[%clk 1:28:13]} Bd7 {[%clk 1:32:48]} 11. Qe2 {[%clk
1:12:06]} Nxe4 {[%clk 1:14:05]} 12. Nxc6 {[%clk 0:32:53]} Bxc6 {[%clk 1:09:40]}
13. Nxe4 {[%clk 0:32:46]} d5 {[%clk 1:08:41]} 14. Bd2 {[%clk 0:16:50]} Qb6
{[%clk 0:57:40]} 15. Bc3 {[%clk 0:07:10]} dxe4 {[%clk 0:56:22]} 16. Bxg7 {[%clk
0:07:30]} Kxg7 {[%clk 0:56:43]} 17. Bb3 {[%clk 0:07:52]} Rad8 {[%clk 0:54:21]}
18. Rad1 {[%clk 0:08:01]} e6 {[%clk 0:52:02]} 19. c3 {[%clk 0:07:49]} Rxd1
{[%clk 0:47:38]} 20. Rxd1 {[%clk 0:08:17]} Rd8 {[%clk 0:47:50]} 21. Rxd8 {[%clk
0:07:58]} Qxd8 22. Qd1 Qf6 {[%clk 0:43:37]} 23. Qd2 {[%clk 0:05:40]} Qe5 {[%clk
0:40:55]} 24. Bc2 {[%clk 0:04:39]} Qd5 {[%clk 0:36:55]} 25. Qe3 {[%clk
0:04:41]} a6 {[%clk 0:19:06]} 26. Bb3 {[%clk 0:03:32]} Qd3 {[%clk 0:17:18]} 27.
Qxd3 {[%clk 0:00:55]} exd3 {[%clk 0:17:46]} 28. f3 {[%clk 0:01:25]} e5 {[%clk
0:14:24]} 29. Bc4 {[%clk 0:00:55]} Bb5 {[%clk 0:13:09]} 30. Bxb5 {[%clk
0:01:08]} axb5 {[%clk 0:13:26]} 31. Kf2 {[%clk 0:01:32]} f5 {[%clk 0:13:39]}
32. Ke3 {[%clk 0:01:44]} e4 {[%clk 0:13:53]} 33. b3 {[%clk 0:01:54]} Kf6 {[%clk
0:13:34]} 34. f4 {[%clk 0:01:04]} g5 {[%clk 0:10:30]} 35. fxg5+ {[%clk
0:01:26]} Kxg5 {[%clk 0:10:58]} 36. g3 {[%clk 0:01:55]} h5 {[%clk 0:10:28]} 0-1

[Event "Deutsche Ländermeisterschaft 2014"]
[Site "Hannover GER"]
[Date "2014.10.05"]
[Round "5"]
[White "Schallner, Marc"]
[Black "Reinecke, Katharina"]
[Result "1/2-1/2"]
[Termination "normal"]
[Board "5.7"]
[WhiteElo "1660"]
[BlackElo "1647"]
[WhiteClock "00:26:07"]
[BlackClock "00:26:58"]
[WhiteTeam "Württemberg"]
[BlackTeam "Hessen 2"]
[PlyCount "96"]
[WhiteFideId "12971243"]
[BlackFideId "12929727"]
[EventCountry "GER"]
[EventRounds "7"]
[EventType "team-swiss"]
[EventDate "2014.10.02"]

1. e4 {[%clk 1:30:58]} c6 {[%clk 1:30:57]} 2. Nc3 {[%clk 1:31:19]} d5 {[%clk
1:31:20]} 3. Nf3 {[%clk 1:31:45]} Bg4 {[%clk 1:31:45]} 4. h3 {[%clk 1:32:08]}
Bxf3 {[%clk 1:32:11]} 5. Qxf3 {[%clk 1:32:27]} e6 {[%clk 1:32:37]} 6. exd5
{[%clk 1:31:22]} cxd5 {[%clk 1:32:18]} 7. Be2 {[%clk 1:29:48]} Nc6 {[%clk
1:31:05]} 8. Bb5 {[%clk 1:27:40]} Nf6 {[%clk 1:29:01]} 9. d3 {[%clk 1:26:19]}
Be7 {[%clk 1:27:06]} 10. O-O {[%clk 1:24:56]} O-O {[%clk 1:26:33]} 11. Bxc6
{[%clk 1:23:03]} bxc6 {[%clk 1:26:54]} 12. b3 {[%clk 1:21:21]} Rb8 {[%clk
1:20:49]} 13. Bb2 {[%clk 1:19:55]} Qc7 {[%clk 1:17:57]} 14. Rfe1 {[%clk
1:18:33]} Rb7 {[%clk 1:09:14]} 15. Nd1 {[%clk 1:08:25]} Nd7 {[%clk 1:02:25]}
16. Ne3 {[%clk 1:00:06]} Bf6 {[%clk 1:01:16]} 17. Bxf6 {[%clk 0:58:54]} Nxf6
{[%clk 1:00:12]} 18. Ng4 {[%clk 0:57:02]} Nxg4 {[%clk 0:57:49]} 19. Qxg4 {[%clk
0:57:16]} Qe7 {[%clk 0:54:53]} 20. Qa4 {[%clk 0:51:21]} Rc8 {[%clk 0:54:25]}
21. Rad1 {[%clk 0:49:07]} Qb4 {[%clk 0:51:48]} 22. Qxb4 {[%clk 0:47:07]} Rxb4
{[%clk 0:51:54]} 23. a3 {[%clk 0:47:26]} Rb6 {[%clk 0:49:51]} 24. f4 {[%clk
0:43:40]} Re8 {[%clk 0:45:39]} 25. d4 {[%clk 0:40:39]} Kf8 {[%clk 0:44:29]} 26.
Rd3 {[%clk 0:37:27]} Rb7 {[%clk 0:42:18]} 27. Rde3 {[%clk 0:35:16]} Rbe7 {[%clk
0:37:50]} 28. g4 {[%clk 0:31:35]} g6 {[%clk 0:36:42]} 29. g5 {[%clk 0:30:27]}
Kg7 {[%clk 0:34:21]} 30. Kg2 {[%clk 0:27:20]} Rc7 {[%clk 0:33:36]} 31. Rc3
{[%clk 0:25:03]} Rb8 {[%clk 0:33:12]} 32. a4 {[%clk 0:20:53]} Rb4 {[%clk
0:31:55]} 33. Rd1 {[%clk 0:20:43]} h6 {[%clk 0:27:25]} 34. h4 {[%clk 0:19:25]}
h5 {[%clk 0:27:37]} 35. Kf3 {[%clk 0:19:36]} Kf8 {[%clk 0:27:22]} 36. Ke3
{[%clk 0:18:57]} Ke7 {[%clk 0:26:49]} 37. Rc5 {[%clk 0:17:55]} Kd6 {[%clk
0:26:32]} 38. Rd3 {[%clk 0:17:36]} Kd7 {[%clk 0:24:12]} 39. Rdc3 {[%clk
0:16:56]} Kd6 {[%clk 0:23:54]} 40. Ra5 {[%clk 0:16:39]} Kd7 {[%clk 0:22:01]}
41. Rcc5 {[%clk 0:16:00]} Rb6 {[%clk 0:15:41]} 42. Kd3 {[%clk 0:15:39]} Kc8
{[%clk 0:10:23]} 43. Kc3 {[%clk 0:14:39]} Kb7 {[%clk 0:07:17]} 44. b4 {[%clk
0:11:27]} Ra6 {[%clk 0:05:29]} 45. Kb3 {[%clk 0:03:03]} Rxa5 {[%clk 0:03:20]}
46. Rxa5 {[%clk 0:03:28]} f6 {[%clk 0:30:16]} 47. b5 {[%clk 0:26:28]} fxg5
{[%clk 0:29:26]} 48. bxc6+ {[%clk 0:26:07]} Rxc6 {[%clk 0:26:58]} 1/2-1/2

[Event "Deutsche Ländermeisterschaft 2014"]
[Site "Hannover GER"]
[Date "2014.10.05"]
[Round "5"]
[White "Bürmann, Theresia"]
[Black "Höglauer, Jenny"]
[Result "1-0"]
[Termination "normal"]
[Board "5.8"]
[WhiteElo "1253"]
[BlackElo "1026"]
[WhiteClock "01:05:00"]
[BlackClock "01:17:37"]
[WhiteTeam "Hessen 2"]
[BlackTeam "Württemberg"]
[PlyCount "31"]
[WhiteFideId "12960241"]
[BlackFideId "12982598"]
[EventCountry "GER"]
[EventRounds "7"]
[EventType "team-swiss"]
[EventDate "2014.10.02"]

1. e4 {[%clk 1:30:58]} c5 {[%clk 1:30:54]} 2. d4 {[%clk 1:31:22]} cxd4 {[%clk
1:31:18]} 3. c3 {[%clk 1:31:40]} dxc3 {[%clk 1:31:23]} 4. Nxc3 {[%clk 1:31:57]}
e6 {[%clk 1:30:55]} 5. Nf3 {[%clk 1:31:14]} Nc6 {[%clk 1:30:25]} 6. Bf4 {[%clk
1:29:28]} a6 {[%clk 1:28:12]} 7. Bc4 {[%clk 1:24:15]} b5 {[%clk 1:28:20]} 8.
Bb3 {[%clk 1:24:27]} Bb7 {[%clk 1:28:32]} 9. O-O {[%clk 1:22:34]} d6 {[%clk
1:27:40]} 10. Qc2 {[%clk 1:17:23]} Nf6 {[%clk 1:26:47]} 11. Rad1 {[%clk
1:16:26]} e5 {[%clk 1:25:07]} 12. Bg3 {[%clk 1:16:28]} Be7 {[%clk 1:20:24]} 13.
Rfe1 {[%clk 1:13:42]} Qc7 {[%clk 1:19:53]} 14. Nd5 {[%clk 1:04:30]} Nxd5 {[%clk
1:17:34]} 15. Bxd5 {[%clk 1:04:46]} Nb4 {[%clk 1:17:37]} 16. Qxc7 {[%clk
1:05:00]} 1-0

[Event "Deutsche Ländermeisterschaft 2014"]
[Site "Hannover GER"]
[Date "2014.10.05"]
[Round "5"]
[White "Ruff, Maximilian"]
[Black "Hampel, Felix"]
[Result "1-0"]
[Termination "normal"]
[Board "6.1"]
[WhiteElo "2188"]
[BlackElo "2160"]
[WhiteTeam "Baden 2"]
[BlackTeam "Niedersachsen 2"]
[PlyCount "163"]
[WhiteFideId "1271670"]
[BlackFideId "24668125"]
[EventCountry "GER"]
[EventRounds "7"]
[EventType "team-swiss"]
[EventDate "2014.10.02"]

1. e4 g6 2. d4 Bg7 3. Nc3 d6 4. g3 Nc6 5. Be3 e5 6. dxe5 Nxe5 7. h3 Be6 8. Bg2
Nc4 9. Bc1 Ne7 10. Nge2 O-O 11. O-O c6 12. b3 Nb6 13. a4 d5 14. a5 Nbc8 15. Nd4
Qd7 16. Nxe6 fxe6 17. Bb2 Nd6 18. Na4 Bxb2 19. Nxb2 Rad8 20. Nd3 b6 21. Ne5 Qc7
22. Qg4 Nxe4 23. Qxe6+ Kg7 24. axb6 axb6 25. Ng4 Nc5 26. Qe5+ Qxe5 27. Nxe5 Ra8
28. b4 Ne6 29. c3 d4 30. c4 Rxa1 31. Rxa1 Rc8 32. Ra7 Rc7 33. Rxc7 Nxc7 34.
Nxc6 Nxc6 35. Bxc6 Na6 36. b5 Nc5 37. f4 Kf6 38. Kf2 h6 39. Kf3 Kf5 40. g4+ Kf6
41. h4 g5 42. hxg5+ hxg5 43. Bd5 Kg6 44. Be4+ Kf6 45. Bf5 d3 46. fxg5+ Kxg5 47.
Ke3 Kh4 48. Bxd3 Kxg4 49. Bc2 Nb7 50. Ke4 Nc5+ 51. Kd5 Kf4 52. Kc6 Ke3 53. Kxb6
Kd4 54. Kc6 Kxc4 55. b6 Kb4 56. Bd3 Nb3 57. Bf1 Nc5 58. Bg2 Nb3 59. Be4 Na5+
60. Kc7 Kb5 61. Bd3+ Kc5 62. Be2 Kb4 63. Bg4 Kb5 64. Bc8 Kc5 65. Bd7 Kb4 66.
Kb8 Kc5 67. Ka7 Kb4 68. Be8 Kc5 69. Ka6 Kb4 70. Bf7 Ka4 71. Bc4 Kb4 72. Be2 Nb3
73. Kb7 Nc5+ 74. Kc6 Nb3 75. Bd1 Nc5 76. Bc2 Kc4 77. Bg6 Kb4 78. Bf7 Na6 79. b7
Nb8+ 80. Kc7 Na6+ 81. Kc8 Kc5 82. Bh5 1-0

[Event "Deutsche Ländermeisterschaft 2014"]
[Site "Hannover GER"]
[Date "2014.10.05"]
[Round "5"]
[White "Kyas, Philipp"]
[Black "Rahnfeld, Jens"]
[Result "0-1"]
[Termination "normal"]
[Board "6.2"]
[WhiteElo "2094"]
[BlackElo "2089"]
[WhiteTeam "Niedersachsen 2"]
[BlackTeam "Baden 2"]
[PlyCount "76"]
[WhiteFideId "24670936"]
[BlackFideId "12939617"]
[EventCountry "GER"]
[EventRounds "7"]
[EventType "team-swiss"]
[EventDate "2014.10.02"]

1. d4 Nf6 2. c4 c5 3. d5 e6 4. Nc3 exd5 5. cxd5 d6 6. Bf4 a6 7. a4 g6 8. e3 Bg7
9. Bd3 Nh5 10. Nf3 Nxf4 11. exf4 O-O 12. O-O Bg4 13. h3 Bxf3 14. Qxf3 Nd7 15.
Ne4 Qc7 16. Rab1 Rab8 17. Rfe1 b5 18. axb5 axb5 19. Ng5 c4 20. Bc2 Nf6 21. f5
Rbe8 22. h4 Qb7 23. Ne4 Qd7 24. g4 Nxd5 25. Rbd1 Nf6 26. Rxd6 Rxe4 27. Rxd7
Rxe1+ 28. Kg2 Nxd7 29. fxg6 fxg6 30. Qd5+ Rf7 31. h5 Re5 32. Qa8+ Rf8 33. Qc6
Nb8 34. Qb6 Re2 35. Bb1 Rexf2+ 36. Kg3 Be5+ 37. Kh4 Rh2+ 38. Kg5 Bf4# 0-1

[Event "Deutsche Ländermeisterschaft 2014"]
[Site "Hannover GER"]
[Date "2014.10.05"]
[Round "5"]
[White "Boes, Julian"]
[Black "Diederichs, Luise"]
[Result "1/2-1/2"]
[Termination "normal"]
[Board "6.3"]
[WhiteElo "1845"]
[BlackElo "1992"]
[WhiteTeam "Baden 2"]
[BlackTeam "Niedersachsen 2"]
[PlyCount "42"]
[WhiteFideId "12907723"]
[BlackFideId "24661597"]
[EventCountry "GER"]
[EventRounds "7"]
[EventType "team-swiss"]
[EventDate "2014.10.02"]

1. e4 g6 2. d4 Bg7 3. Nf3 d6 4. Bd3 a6 5. O-O Nd7 6. c3 b6 7. Re1 Bb7 8. Bg5 h6
9. Bh4 c5 10. Nbd2 Qc7 11. Rc1 Rc8 12. Bg3 e5 13. Bb1 b5 14. h3 Ne7 15. Bh2 O-O
16. dxe5 dxe5 17. Nf1 Nb6 18. Qe2 Rfd8 19. Rcd1 Nc4 20. Ne3 Nxe3 21. Qxe3 c4
1/2-1/2

[Event "Deutsche Ländermeisterschaft 2014"]
[Site "Hannover GER"]
[Date "2014.10.05"]
[Round "5"]
[White "Zimmer, Raphael"]
[Black "Polster, Christian"]
[Result "1/2-1/2"]
[Termination "normal"]
[Board "6.5"]
[WhiteElo "1902"]
[BlackElo "1818"]
[WhiteTeam "Baden 2"]
[BlackTeam "Niedersachsen 2"]
[PlyCount "112"]
[WhiteFideId "12978841"]
[BlackFideId "12965081"]
[EventCountry "GER"]
[EventRounds "7"]
[EventType "team-swiss"]
[EventDate "2014.10.02"]

1. e4 c5 2. Nf3 Nc6 3. d4 cxd4 4. Nxd4 g6 5. c4 Bg7 6. Be3 Nf6 7. Nc3 Ng4 8.
Qxg4 Nxd4 9. Qd1 Ne6 10. Qd2 Qa5 11. Be2 b6 12. O-O Bb7 13. f3 g5 14. Rfd1 d6
15. Nd5 Qxd2 16. Rxd2 Rc8 17. Rb1 Be5 18. b3 Rg8 19. g3 h5 20. Kh1 Nc5 21. Bd4
e6 22. Nf6+ Bxf6 23. Bxf6 Nxe4 24. fxe4 Bxe4+ 25. Kg1 Bxb1 26. Bxh5 Rc6 27. Bf3
d5 28. Rd1 Bc2 29. Rd2 Rg6 30. cxd5 exd5 31. Re2+ Be4 32. Bd4 Rc8 33. Kf2 Rc2
34. Rxc2 Bxc2 35. h4 gxh4 36. gxh4 Be4 37. h5 Rh6 38. Be2 f6 39. Be3 Rh7 40.
Bf4 Bf5 41. Ke3 Re7+ 42. Kd2 Re4 43. Bb8 Kd7 44. Bb5+ Kc8 45. Bd6 Rh4 46. Be2
Bg4 47. Bg3 Bxe2 48. Bxh4 Bxh5 49. Bxf6 Kd7 50. Kc3 Kc6 51. Be7 Bg6 52. a4 Bf7
53. b4 a6 54. a5 bxa5 55. bxa5 Kb5 56. Bd8 Bg6 1/2-1/2

[Event "Deutsche Ländermeisterschaft 2014"]
[Site "Hannover GER"]
[Date "2014.10.05"]
[Round "5"]
[White "von Estorff, Jacob"]
[Black "Riegel, Arinna"]
[Result "1-0"]
[Termination "normal"]
[Board "6.6"]
[WhiteElo "1697"]
[BlackElo "1620"]
[WhiteTeam "Niedersachsen 2"]
[BlackTeam "Baden 2"]
[PlyCount "81"]
[WhiteFideId "12974501"]
[BlackFideId "12931446"]
[EventCountry "GER"]
[EventRounds "7"]
[EventType "team-swiss"]
[EventDate "2014.10.02"]

1. e4 d5 2. exd5 Qxd5 3. Nc3 Qd8 4. d4 Nf6 5. Bc4 c6 6. Be3 g6 7. Qd2 Bg7 8.
O-O-O Bf5 9. Nf3 Ne4 10. Nxe4 Bxe4 11. Bxf7+ Kxf7 12. Ng5+ Kg8 13. Nxe4 Qd5 14.
Nc3 Qxg2 15. Bh6 Nd7 16. d5 cxd5 17. Nxd5 Re8 18. Bxg7 Kxg7 19. Nc7 Nf6 20.
Nxe8+ Rxe8 21. Rde1 Qc6 22. Qb4 Qc7 23. f4 a5 24. Qd4 b5 25. Qe5 Qc4 26. Kb1 a4
27. f5 b4 28. fxg6 hxg6 29. Qe6 Qc5 30. Rhf1 Qg5 31. Re4 Nxe4 32. Qf7+ Kh6 33.
Qxe8 Nd2+ 34. Ka1 Qg2 35. Qh8+ Kg5 36. Qe5+ Kh6 37. Qe3+ Kh5 38. Rd1 Ne4 39.
Rg1 Qxh2 40. Qf3+ Kh6 41. Rh1 1-0

[Event "Deutsche Ländermeisterschaft 2014"]
[Site "Hannover GER"]
[Date "2014.10.05"]
[Round "5"]
[White "Ehmann, Johanna"]
[Black "Möller, Hannah"]
[Result "0-1"]
[Termination "normal"]
[Board "6.7"]
[WhiteElo "1517"]
[BlackElo "1573"]
[WhiteTeam "Baden 2"]
[BlackTeam "Niedersachsen 2"]
[PlyCount "114"]
[WhiteFideId "12953130"]
[BlackFideId "1270514"]
[EventCountry "GER"]
[EventRounds "7"]
[EventType "team-swiss"]
[EventDate "2014.10.02"]

1. e4 c5 2. Nf3 d6 3. d4 cxd4 4. Nxd4 Nf6 5. Nc3 g6 6. f3 Bg7 7. Be3 O-O 8. Qd2
Nc6 9. O-O-O Bd7 10. g4 Qa5 11. h4 h5 12. gxh5 Nxh5 13. Be2 Rac8 14. Kb1 a6 15.
f4 Nxd4 16. Bxh5 Nb5 17. Nxb5 Qxb5 18. e5 Bf5 19. Rc1 gxh5 20. Rhg1 dxe5 21.
fxe5 Bg6 22. Bh6 Bxe5 23. b3 Bg7 24. Bxg7 Kxg7 25. Rg5 Qc6 26. Kb2 Kh7 27. Qe2
Qc3+ 28. Kb1 Rc5 29. Rxc5 Qxc5 30. Re1 Rc8 31. Rc1 Bxc2+ 32. Rxc2 Qxc2+ 33.
Qxc2+ Rxc2 34. Kxc2 f5 35. Kd3 e5 36. a3 Kg6 37. Ke3 Kf6 38. b4 f4+ 39. Ke4 Ke6
40. a4 b6 41. a5 b5 42. Kf3 Kf5 43. Kf2 e4 44. Ke2 Kg4 45. Kf2 e3+ 46. Ke2 Kg3
47. Kf1 f3 48. Ke1 Kg2 49. Kd1 f2 50. Kc2 f1=Q 51. Kb2 Qc4 52. Ka3 Kf2 53. Kb2
Ke2 54. Ka3 Kd2 55. Kb2 Qxb4+ 56. Ka2 Kc2 57. Ka1 Qb2# 0-1

[Event "Deutsche Ländermeisterschaft 2014"]
[Site "Hannover GER"]
[Date "2014.10.05"]
[Round "5"]
[White "Reichelt, Lena"]
[Black "Lohrmann, Tabea"]
[Result "1/2-1/2"]
[Termination "normal"]
[Board "6.8"]
[WhiteElo "1274"]
[BlackElo "1467"]
[WhiteTeam "Niedersachsen 2"]
[BlackTeam "Baden 2"]
[PlyCount "53"]
[WhiteFideId "12981184"]
[BlackFideId "12911941"]
[EventCountry "GER"]
[EventRounds "7"]
[EventType "team-swiss"]
[EventDate "2014.10.02"]

1. d4 d5 2. Nf3 Nf6 3. e3 Bf5 4. c4 e6 5. Nc3 c5 6. dxc5 Bxc5 7. cxd5 Nxd5 8.
Nxd5 exd5 9. Bd3 Bxd3 10. Qxd3 O-O 11. O-O Nc6 12. Rd1 Ne7 13. b3 Qb6 14. Ng5
f5 15. Bb2 h6 16. Nh3 Rad8 17. Rd2 Rd7 18. Nf4 Rfd8 19. Rad1 Bb4 20. Bc3 Bxc3
21. Qxc3 Qc6 22. Qxc6 bxc6 23. Rc2 Kf7 24. Nd3 Kf6 25. Rdc1 Rc8 26. Nb4 Rd6 27.
Rc5 1/2-1/2

[Event "Deutsche Ländermeisterschaft 2014"]
[Site "Hannover GER"]
[Date "2014.10.05"]
[Round "5"]
[White "Urban, Lars"]
[Black "Moritz, Aron"]
[Result "1-0"]
[Termination "normal"]
[Board "7.1"]
[WhiteElo "2174"]
[BlackElo "2177"]
[WhiteTeam "Thüringen"]
[BlackTeam "Berlin"]
[PlyCount "93"]
[WhiteFideId "4644034"]
[BlackFideId "24672319"]
[EventCountry "GER"]
[EventRounds "7"]
[EventType "team-swiss"]
[EventDate "2014.10.02"]

1. d4 Nf6 2. c4 g6 3. Nc3 Bg7 4. e4 d6 5. f3 O-O 6. Be3 a6 7. Qd2 Nbd7 8. Nge2
c5 9. dxc5 dxc5 10. Rd1 Qa5 11. Nc1 e6 12. Be2 Qc7 13. Bf4 Ne5 14. Nd3 Nxd3+
15. Bxd3 Qc6 16. O-O Ra7 17. Bg5 e5 18. f4 b6 19. fxe5 Ng4 20. Nd5 Nxe5 21. Bf6
Bxf6 22. Nxf6+ Kg7 23. Qg5 Qe6 24. Nh5+ Kh8 25. Qh6 Rg8 26. Nf6 Rg7 27. Be2 Qe7
28. Rd5 Nd7 29. e5 Nf8 30. Rfd1 Bb7 31. Rd8 Ra8 32. R1d7 Qxd8 33. Rxd8 Rxd8 34.
Bf3 Bxf3 35. gxf3 g5 36. Nd5 Rg6 37. Qh3 Ne6 38. Qf5 Kg7 39. Kf2 Nd4 40. Qe4 h5
41. f4 gxf4 42. Nxf4 Rg5 43. Nxh5+ Kh6 44. Nf6 Nf5 45. h4 Rd2+ 46. Ke1 Rgg2 47.
Qxf5 1-0

[Event "Deutsche Ländermeisterschaft 2014"]
[Site "Hannover GER"]
[Date "2014.10.05"]
[Round "5"]
[White "Sawlin, Leonid"]
[Black "Hoffmann, Tim"]
[Result "0-1"]
[Termination "normal"]
[Board "7.2"]
[WhiteElo "2143"]
[BlackElo "2013"]
[WhiteTeam "Berlin"]
[BlackTeam "Thüringen"]
[PlyCount "100"]
[WhiteFideId "4689542"]
[BlackFideId "12900338"]
[EventCountry "GER"]
[EventRounds "7"]
[EventType "team-swiss"]
[EventDate "2014.10.02"]

1. e4 c5 2. Nf3 d6 3. d4 cxd4 4. Nxd4 Nf6 5. Nc3 a6 6. Be3 e5 7. Nf3 Qc7 8. a4
h6 9. a5 Be6 10. Nd5 Nxd5 11. exd5 Bg4 12. Be2 Nd7 13. O-O Be7 14. h3 Bh5 15.
Qd2 Bg6 16. Ne1 f5 17. f4 e4 18. c4 Bf6 19. Rc1 Rc8 20. b4 O-O 21. c5 Bf7 22.
c6 Nb8 23. Bb6 Qe7 24. c7 Nd7 25. Nc2 Bb2 26. Rb1 Nxb6 27. axb6 Qf6 28. Ne3 Bc3
29. Qc1 Bd4 30. Bxa6 Bxd5 31. Bb5 Bxb6 32. Kh1 Be6 33. Qd2 Bxe3 34. Qxe3 Rxc7
35. Qb6 Qe7 36. Rfd1 d5 37. Ba4 Rd8 38. Rbc1 Rdc8 39. Rxc7 Rxc7 40. Bb3 Rd7 41.
Qd4 Kf7 42. Rc1 Qf6 43. Qb6 Qb2 44. Qe3 d4 45. Bxe6+ Kxe6 46. Qe1 d3 47. Rc4 d2
48. Qd1 Rd3 49. Rc5 Qb3 50. Re5+ Kd6 0-1

[Event "Deutsche Ländermeisterschaft 2014"]
[Site "Hannover GER"]
[Date "2014.10.05"]
[Round "5"]
[White "Zahn, Alina"]
[Black "Schmidek, Emil"]
[Result "0-1"]
[Termination "normal"]
[Board "7.3"]
[WhiteElo "2024"]
[BlackElo "2108"]
[WhiteTeam "Thüringen"]
[BlackTeam "Berlin"]
[PlyCount "108"]
[WhiteFideId "24696730"]
[BlackFideId "12908150"]
[EventCountry "GER"]
[EventRounds "7"]
[EventType "team-swiss"]
[EventDate "2014.10.02"]

1. e4 e5 2. Nf3 Nc6 3. Bc4 Nf6 4. d3 Be7 5. O-O O-O 6. Bb3 d6 7. c3 Na5 8. Bc2
c5 9. Re1 Nc6 10. h3 Re8 11. d4 cxd4 12. cxd4 Qc7 13. Nc3 Bd7 14. Be3 h6 15.
Rc1 Bf8 16. d5 Ne7 17. Ne2 g6 18. Ng3 Bg7 19. Qd2 Kh7 20. Bb3 Qd8 21. Qb4 Qb8
22. Rc2 a5 23. Qd2 b5 24. a3 Qb7 25. Rec1 Rec8 26. Rxc8 Nxc8 27. Qc3 Ne8 28.
Nh2 Ne7 29. Qd2 f5 30. exf5 Nxf5 31. Nxf5 Bxf5 32. g4 Bd7 33. Bc2 Nf6 34. Rd1
Be8 35. h4 Kh8 36. Bxh6 Rc8 37. Bxg7+ Kxg7 38. Bb3 a4 39. Ba2 Qd7 40. Qe2 Bf7
41. g5 Nh5 42. Ng4 Nf4 43. Qf3 Rc2 44. Rb1 Qf5 45. Kh1 Nd3 46. Qxf5 gxf5 47.
Ne3 Rxf2 48. Kg1 Rf3 49. Ng2 f4 50. Rd1 Bg6 51. Bb1 Nxb2 52. Rc1 Nc4 53. Bxg6
Kxg6 54. Rb1 Nxa3 0-1

[Event "Deutsche Ländermeisterschaft 2014"]
[Site "Hannover GER"]
[Date "2014.10.05"]
[Round "5"]
[White "Greßmann, Moritz"]
[Black "Nguyen, Huy Dat"]
[Result "1-0"]
[Termination "normal"]
[Board "7.4"]
[WhiteElo "1977"]
[BlackElo "1952"]
[WhiteTeam "Berlin"]
[BlackTeam "Thüringen"]
[PlyCount "89"]
[WhiteFideId "24695084"]
[BlackFideId "12923486"]
[EventCountry "GER"]
[EventRounds "7"]
[EventType "team-swiss"]
[EventDate "2014.10.02"]

1. e4 c5 2. Nf3 d6 3. Bb5+ Bd7 4. Bxd7+ Nxd7 5. O-O Ngf6 6. Re1 Rc8 7. Nc3 g6
8. d3 Bg7 9. a4 O-O 10. Bg5 h6 11. Bh4 Re8 12. Ra3 Nf8 13. e5 dxe5 14. Nxe5
N8d7 15. Nc4 Nf8 16. Rb3 b6 17. a5 g5 18. Bg3 N6d7 19. Nd5 Rc6 20. Qf3 Re6 21.
Re3 Rxe3 22. fxe3 e5 23. axb6 axb6 24. Nd6 Re7 25. Nxe7+ Qxe7 26. Nf5 Qe6 27.
e4 Ng6 28. Be1 Nf6 29. Bc3 Kh7 30. Ne3 Nf4 31. Nc4 Nd7 32. g3 Qh3 33. Qf1 Qg4
34. Ne3 Ne2+ 35. Kf2 Qh5 36. Qxe2 Qxh2+ 37. Ng2 Nf6 38. Qf3 h5 39. Rxb6 Ng4+
40. Ke2 h4 41. Qf5+ Kg8 42. Rb8+ Bf8 43. Qxg5+ Kh7 44. Qxh4+ Bh6 45. Qxh2 1-0